000 02751nam0a22004331 4500
001 RU\NLR\A1\22920
005 20260409064840.0
035 _a(NLR Aleph) 009677381
090 _a9688335
_c9688335
100 _a19981120d1778 u y0rusy50 ca
101 1 _arus
_clat
102 _aRU
200 1 _aСамуила раввина иудейскаго Златое сочинение,
_eСодержащее безпристрастныя о Христе разсуждения, на пророческих изречениях и действительном их исполнении, а наипаче на нынешнем состоянии рода иудейскаго и различных его переменах основанныя, которыми обличается слепота иудеев, тщетно по сие время ожидающих пришествия Мессии, и льстящих себя надеждою, паки от всех стран света быть собранным и с честию возвращенным во Иерусалим
_fС латинскаго переведено Императорскаго Сухопутнаго шляхетнаго кадетскаго корпуса иеромонахом Варлаамом
210 _a[СПб.]
_cТип. Имп. Сухопут. шляхет. кадет. корпуса
_d1778
215 _a[8], 94 с.
_d12°
317 _aЭкз. ИМПИ из б-ки Д. Г. Бурылина
_5ИМПИ
321 1 _aСК XVIII 6276
481 0 _1001RU\NLR\A1\2494
_99668255
_aВольтер, Ф. М. (1694-1778)
_cВ Санктпетербурге
_d1772
_fиз сочинений г. Волтера
_n[Тип. Сухопут. кад. корпуса]
_p[8], 102 с.
_tИстория о крестовых походах,
_uhttps://vivaldi.nlr.ru/bx000025231/view
517 1 _aЗлатое сочинение
620 _dСанкт-Петербург
700 0 _7ca
_8rus
_aСамуил Марокканский
_f12 в.
_3RU\NLR\AUTH\770234677
_9234621
702 1 _aВарлаам
_4730
702 1 _4390
_8rus
_7ca
_aБурылин
_bД. Г.
_f1852-1924
_gДмитрий Геннадьевич
_3RU\NLR\AUTH\771726
_9111746
712 0 2 _4610
_aСухопутный шляхетный кадетский корпус
_cПетербург
_bТипография
_3RU\NLR\AUTH\880627501
_92659869
801 0 _aRU
_bNLR
_c19981120
852 _aNLR
_j18.54.9.55
852 _aNLR
_j137/1298
899 _aРГБ
899 _aБАН
899 _aИМПИ
899 _aГПИБ
899 _aУОНБ
899 _aЯИАМЗ
899 _aНГОНБ
899 _aФБ РГПУ
942 _cBOOK
980 _aNB
980 _aA1XVIIIv